The Contemporary World/ (Record no. 9825)

MARC details
000 -LEADER
fixed length control field 00885nam a22002777a 4500
003 - CONTROL NUMBER IDENTIFIER
control field OSt
005 - DATE AND TIME OF LATEST TRANSACTION
control field 20260424020508.0
008 - FIXED-LENGTH DATA ELEMENTS--GENERAL INFORMATION
fixed length control field 260424b |||||||| |||| 00| 0 eng d
020 ## - INTERNATIONAL STANDARD BOOK NUMBER
International Standard Book Number 978-971-821-953-5
040 ## - CATALOGING SOURCE
Original cataloging agency DWCL Main Lib.
Transcribing agency OC
082 ## - DEWEY DECIMAL CLASSIFICATION NUMBER
Edition number Second Edition
Classification number 337 C716 2020
100 ## - MAIN ENTRY--PERSONAL NAME
Personal name Salado, Fretzie
245 ## - TITLE STATEMENT
Title The Contemporary World/
Statement of responsibility, etc. Fretzie Salado
250 ## - EDITION STATEMENT
Edition statement Second Edition
260 ## - PUBLICATION, DISTRIBUTION, ETC.
Place of publication, distribution, etc. Malabon City :
Name of publisher, distributor, etc. Mutya Publishing House Inc.,
Date of publication, distribution, etc. c2020.
300 ## - PHYSICAL DESCRIPTION
Extent 169 pages :
Other physical details illustrations ;
Dimensions 26cm.
504 ## - BIBLIOGRAPHY, ETC. NOTE
Bibliography, etc. note Includes bibliographical references
650 ## - SUBJECT ADDED ENTRY--TOPICAL TERM
Topical term or geographic name entry element 1. Globalization
650 ## - SUBJECT ADDED ENTRY--TOPICAL TERM
Topical term or geographic name entry element 2. Social Change
700 ## - ADDED ENTRY--PERSONAL NAME
Personal name Francis Thaise A. Cimene
700 ## - ADDED ENTRY--PERSONAL NAME
Personal name Ma. Cynthia Fe V. Siwagan
700 ## - ADDED ENTRY--PERSONAL NAME
Personal name Winston B. Gallinero
700 ## - ADDED ENTRY--PERSONAL NAME
Personal name Maria Eliza D. Santander
760 ## - MAIN SERIES ENTRY
Edition Second Edition
942 ## - ADDED ENTRY ELEMENTS (KOHA)
Source of classification or shelving scheme Dewey Decimal Classification
Koha item type Book-Filipiniana
Edition Second Edition
Classification part Fil.
Suppress in OPAC No
952 ## - LOCATION AND ITEM INFORMATION (KOHA)
--
Holdings
Withdrawn status Lost status Source of classification or shelving scheme Damaged status Not for loan Home library Current library Shelving location Date acquired Source of acquisition Total Checkouts Full call number Barcode Date last seen Copy number Price effective from Koha item type Uniform Resource Identifier
    Dewey Decimal Classification     College Library College Library Filipiniana 11/16/2022 Complimentary   Fil. 337 C716 2020 CL53409 04/24/2026 c1 04/24/2026 BK - FIL